Wake-Robin (Record no. 233532)
[ view plain ]
| 000 -LEADER | |
|---|---|
| fixed length control field | 00835cam a22002533a 4500 |
| 001 - CONTROL NUMBER | |
| control field | 4203 |
| 003 - CONTROL NUMBER IDENTIFIER | |
| control field | PGUSA |
| 005 - DATE AND TIME OF LATEST TRANSACTION | |
| control field | 20140828083050.0 |
| 008 - FIXED-LENGTH DATA ELEMENTS--GENERAL INFORMATION | |
| fixed length control field | 030701s2003||||xxu|||||s|||||000 | eng d |
| 040 ## - CATALOGING SOURCE | |
| Original cataloging agency | PGUSA |
| Language of cataloging | eng |
| 042 ## - AUTHENTICATION CODE | |
| Authentication code | dc |
| 050 #4 - LIBRARY OF CONGRESS CALL NUMBER | |
| Classification number | QL |
| 100 1# - MAIN ENTRY--PERSONAL NAME | |
| Personal name | Burroughs, John, |
| Dates associated with a name | 1837-1921 |
| 245 10 - TITLE STATEMENT | |
| Title | Wake-Robin |
| Medium | [electronic resource] / |
| Statement of responsibility, etc | John Burroughs |
| 260 ## - PUBLICATION, DISTRIBUTION, ETC. (IMPRINT) | |
| Name of publisher, distributor, etc | Project Gutenberg, |
| Date of publication, distribution, etc | 2003 |
| 505 0# - FORMATTED CONTENTS NOTE | |
| Formatted contents note | The return of the birds -- In the hemlocks -- The Adirondacks -- Birds'-nests -- Spring at the capital -- Birch browsings -- The bluebird -- Invitation. |
| 506 ## - RESTRICTIONS ON ACCESS NOTE | |
| Terms governing access | Public domain in the USA. |
| 516 ## - TYPE OF COMPUTER FILE OR DATA NOTE | |
| Type of computer file or data note | Electronic text |
| 653 ## - INDEX TERM--UNCONTROLLED | |
| Uncontrolled term | Natural history -- Outdoor books |
| 653 ## - INDEX TERM--UNCONTROLLED | |
| Uncontrolled term | Birds -- United States |
| 830 #0 - SERIES ADDED ENTRY--UNIFORM TITLE | |
| Uniform title | Project Gutenberg |
| Volume number/sequential designation | 4203 |
| 856 40 - ELECTRONIC LOCATION AND ACCESS | |
| Uniform Resource Identifier | <a href="http://www.gutenberg.org/ebooks/4203">http://www.gutenberg.org/ebooks/4203</a> |
| 942 ## - ADDED ENTRY ELEMENTS (KOHA) | |
| Koha item type | eBooks |
| Withdrawn status | Lost status | Damaged status | Home library | Current library | Date acquired | Total Checkouts | Date last seen | Price effective from | Koha item type |
|---|---|---|---|---|---|---|---|---|---|
| Project Gutenberg | Project Gutenberg | 08/28/2014 | 08/28/2014 | 08/28/2014 | eBooks |